Wave Interactions with Coastal Structures (Record no. 22294)

MARC details
000 -LEADER
fixed length control field 01315nam a2200133Ia 4500
008 - FIXED-LENGTH DATA ELEMENTS--GENERAL INFORMATION
fixed length control field 220620s9999||||xx |||||||||||||| ||und||
020 ## - INTERNATIONAL STANDARD BOOK NUMBER
International Standard Book Number 9783040000000
245 #0 - TITLE STATEMENT
Title Wave Interactions with Coastal Structures
546 ## - LANGUAGE NOTE
Language note English[eng]
650 ## - SUBJECT ADDED ENTRY--TOPICAL TERM
Topical term or geographic name entry element shallow waters||wave energy||coastal erosion||beach restoration||submerged breakwaters||protected nourishments||wave overtopping||coastal safety||flow velocity||flow depth||sea dikes||overtopping reduction||force reduction||oblique waves||storm return wall||EurOtop manual||validation||wave modelling||shallow foreshore||dike-mounted vertical wall||wave impact loads||OpenFOAM||average overtopping discharge||individual volume||overtopping flow depth||overtopping flow velocity||promenade||vertical wall||SWASH||fluid–structure interaction||waves||smoothed particle hydrodynamics||SPH||Pont del Petroli||storm Gloria||inter-model comparison||DualSPHysics||wave pressure||caisson breakwater||stability||RANS model||solitary wave||fully nonlinear wave||three-dimensional wave||partially submerged cylinder||hollow circular cylinder||tsunami||wave||bore||flooding||debris||numerical modeling||SPH–FEM coupling||coastal structures||n/a
700 ## - ADDED ENTRY--PERSONAL NAME
Personal name Suzuki, Tomohiro||Altomare, Corrado
856 ## - ELECTRONIC LOCATION AND ACCESS
Uniform Resource Identifier <a href="https://mdpi.com/books/pdfview/book/5020">https://mdpi.com/books/pdfview/book/5020</a>
942 ## - ADDED ENTRY ELEMENTS (KOHA)
Koha item type E-Books
Holdings
Withdrawn status Lost status Damaged status Not for loan Home library Current library Date acquired Total Checkouts Date last seen Price effective from Koha item type
        Kerala University of Digital Sciences, Innovation and Technology Knowledge Centre Kerala University of Digital Sciences, Innovation and Technology Knowledge Centre 20/06/2022   20/06/2022 20/06/2022 E-Books